Rice research and development policy: a first encounter; Proceedings of the research-policy dialog during the International Rice Research Conference 16-17 February 1995
Kaydedildi:
| Yazar: | |
|---|---|
| Materyal Türü: | Kitap |
| Dil: | Undetermined |
| Baskı/Yayın Bilgisi: |
Manila
IRRI
1996
|
| Konular: | |
| Etiketler: |
Etiketle
Etiket eklenmemiş, İlk siz ekleyin!
|
| Thư viện lưu trữ: | Trung tâm Học liệu Trường Đại học Cần Thơ |
|---|
| LEADER | 00603nam a2200181Ia 4500 | ||
|---|---|---|---|
| 001 | CTU_16598 | ||
| 008 | 210402s9999 xx 000 0 und d | ||
| 082 | |a 338.17318 | ||
| 082 | |b I65 | ||
| 100 | |a IRRI | ||
| 245 | 0 | |a Rice research and development policy: a first encounter; Proceedings of the research-policy dialog during the International Rice Research Conference 16-17 February 1995 | |
| 245 | 0 | |c IRRI | |
| 260 | |a Manila | ||
| 260 | |b IRRI | ||
| 260 | |c 1996 | ||
| 650 | |a rice products | ||
| 904 | |i Nguyễn Quang Điền, 970530 | ||
| 980 | |a Trung tâm Học liệu Trường Đại học Cần Thơ | ||